101 séries télévisées françaises - Statistiques

Statistiques générales
  • Ce quiz a été pris 546 fois
  • Le résultat moyen est 24 sur 101
Statistiques - réponses
Année Série % Correct
1992 {Julie} Lescaut
83%
1992 Hélène {et les garçons}
78%
1999 Un gars {une fille}
78%
1971 Arsène {Lupin}
76%
2015 {Capitaine} Marleau
74%
2001 Caméra {café}
70%
2013 Candice {Renoir}
69%
2005 {Commissaire} Cordier
66%
2009 {Commissaire} Magellan
66%
1991 Premiers {baisers}
55%
2006 Section {de Recherches}
53%
1998 Louis {la brocante}
52%
2008 Un village {français}
50%
1977 {Brigade} des mineurs
49%
1992 {Le Miel} et les Abeilles
49%
1976 Commissaire {Moulin}
48%
1991 Nestor {Burma}
47%
2015 Dix {pour cent}
46%
2007 Fais {pas ci fais pas ça}
45%
1993 Les filles {d'à côté}
43%
1966 Allô {police}
42%
2002 {Soeur Thérèse}.com
41%
1965 Belle {et Sébastien}
40%
1993 Le juge {est une femme}
40%
2019 Astrid {et Raphaëlle}
38%
2013 {Meurtres} à...
38%
2014 Alex {Hugo}
36%
2003 Diane {femme flic}
34%
2006 RIS {police scientifique}
34%
1996 Une femme {d'honneur}
34%
1991 M {Maigret}
32%
2013 Léo {Mattei brigade des mineurs}
31%
1963 Thierry {la fronde}
31%
2007 Brigade {Navarro}
30%
1999 La {Crim}
30%
1989 N {Navarro}
30%
2017 L'art {du crime}
27%
1993 Classe {mannequin}
26%
2012 Nos {chers voisins}
26%
2002 Femmes {de loi}
25%
1987 Marc {et Sophie}
25%
2009 Les petits {meurtres d'Agatha Christie}
24%
2001 Sauveur {Giordano}
23%
1999 Boulevard {du palais}
21%
1967 Les {chevaliers du} ciel
21%
1965 Les Saintes {Chéries}
21%
2011 Meurtres {au paradis}
21%
1977 Un juge, {un flic}
21%
2020 César {Wagner}
20%
2005 K {Kaamelott}
20%
1992 Les {Cordier, juge et} flic
20%
2008 {Nicolas} Le Floch
16%
2017 Crimes {parfaits}
15%
1974 {Messieurs} les jurés
14%
1977 Brigade {des mineurs}
13%
1958 Les cinq {dernières minutes}
13%
2001 Central {nuit}
12%
1998 {Louis} Page
12%
2018 Alexandra {Ehle}
11%
1978 {Médecins} de nuit
11%
1997 P {PJ}
11%
1974 Chéri {Bibi}
10%
1995 Docteur {Sylvestre}
8%
1993 L'{Instit}
8%
2003 Commissaire {Valence}
7%
1957 La caméra {explore le temps}
7%
1985 M {Maguy}
7%
2009 P {Profilage}
7%
1968 L'homme {du Picardie}
6%
1994 Madame {le Proviseur}
6%
1967 V {Vidocq}
6%
2015 C {Cassandre}
5%
2001 Fabien {Cosma}
5%
2013 F {Falco}
5%
1967 Les enquêtes {du commissaire Maigret}
5%
2013 M {Mongeville}
5%
2016 M {Munch}
5%
1996 Quai {N°1}
5%
1968 Sébastien {parmi les hommes}
5%
2015 T {Tandem}
5%
1992 Une {famille formidable}
5%
1963 {Janique} Aimée
4%
2006 Les Bleus {premier pas dans la police}
4%
2015 N {Nina}
4%
2011 S {Soda}
4%
1959 {Ciné} policier
3%
1980 Julien {Fontanes magistrat}
3%
1958 La belle {équipe}
3%
2015 La {Stagiaire}
3%
2009 B {Braquo}
2%
1977 Bonsoir {Chef}
2%
1961 Le temps {des copains}
2%
1983 M {Marianne}
2%
2000 Police {district}
2%
1964 R {Rocambole}
2%
1966 R {Rouletabille}
2%
1968 Thibaud {ou les croisades}
2%
1995 Les {boeufs carotte}
1%
1957 Le tour {de France par deux enfants}
1%
2003 Le {Tuteur}
1%
1961 P {Poly}
1%
Aucun quiz correspondant
Distribution des résultats
% des personnes avec chaque résultat
Percentile par nombre de réponses
Votre historique - résultats
Vous n’avez pas pris ce quiz